[Event "Pan American-ch U20"]
[Site "Asuncion"]
[Date "2025.06.15"]
[Round "3"]
[White "Martello, Benjamin"]
[Black "Mendes Domingues, Ribeiro Matheus"]
[Result "0-1"]
[WhiteElo "2040"]
[BlackElo "2294"]
[PlyCount "38"]
[EventDate "2025.06.14"]
[EventType "swiss"]
[EventRounds "9"]
[EventCountry "PAR"]
[SourceTitle "CB26_2025"]
[SourceDate "2025.06.25"]
[SourceVersion "1"]
[SourceVersionDate "2025.06.25"]
[SourceQuality "1"]

1. Nf3 d5 2. b3 Nf6 3. Bb2 e6 4. e3 Bd6 5. c4 c6 6. Nc3 0-0 7. Be2 Re8 8. d4 Nbd7 9. 0-0 b6 10. Rc1 Bb7 11. cxd5 exd5 12. Qd3 Ne4 13. Rc2 Ndf6 14. Rfc1 Ng4 15. Bf1 Qf6 16. Nd1 a5 17. Qe2 Nexf2 18. Nxf2 Nxe3 19. Rc3 Nxg2 0-1

[Event "URU-ch U20"]
[Site "Montevideo"]
[Date "2024.05.17"]
[Round "2"]
[White "Martello, Benjamin"]
[Black "Gimenez, Thiago"]
[Result "1-0"]
[WhiteElo "1898"]
[BlackElo "1693"]
[PlyCount "40"]
[EventDate "2024.05.17"]
[EventType "swiss"]
[EventRounds "6"]
[EventCountry "URU"]
[SourceTitle "CBM 220 Extra"]
[Source "ChessBase"]
[SourceDate "2024.07.31"]
[SourceVersion "1"]
[SourceVersionDate "2024.07.31"]
[SourceQuality "1"]

1. Nf3 d5 2. c4 c6 3. d4 Nf6 4. Nc3 Bf5 5. Qb3 Qb6 6. Qxb6 axb6 7. cxd5 cxd5 8. Bf4 e6 9. e3 Bb4 10. Bb5+ Nbd7 11. Ne5 Bxc3+ 12. bxc3 h6 13. 0-0 Ra5 14. a4 Ke7 15. Rfc1 Nxe5 16. Bxe5 Rc8 17. f3 g5 18. c4 Bd3 19. cxd5 Rxc1+ 20. Rxc1 Bxb5 1-0

[Event "URU-ch sf"]
[Site "Montevideo"]
[Date "2024.02.12"]
[Round "6"]
[White "Colosi, Felipe"]
[Black "Martello, Benjamin"]
[Result "1/2-1/2"]
[WhiteElo "1652"]
[BlackElo "1858"]
[PlyCount "132"]
[EventDate "2024.02.09"]
[EventType "swiss"]
[EventRounds "7"]
[EventCountry "URU"]
[SourceTitle "CBM 218 Extra"]
[Source "ChessBase"]
[SourceDate "2024.03.31"]
[SourceVersion "1"]
[SourceVersionDate "2024.03.31"]
[SourceQuality "1"]

1. e4 c6 2. d4 d5 3. exd5 cxd5 4. Bd3 Nc6 5. c3 Nf6 6. Bf4 Bg4 7. Qb3 Qc8 8. Nd2 e6 9. Ngf3 Bxf3 10. Nxf3 Be7 11. h4 a6 12. h5 h6 13. Ne5 Nd7 14. Nxd7 Qxd7 15. Qd1 b5 16. Be5 Bf6 17. Bxf6 gxf6 18. Rh3 Ke7 19. Qd2 Rag8 20. Rg3 Rxg3 21. fxg3 Qd6 22. Qf4 Rg8 23. Kf2 Rg5 24. Qxd6+ Kxd6 25. a4 b4 26. Bxa6 Rf5+ 27. Ke3 Rxh5 28. Bb5 bxc3 29. Rc1 Na7 30. Rxc3 Nxb5 31. axb5 Rg5 32. Rc6+ Kd7 33. Kf3 Rg8 34. Ra6 Rb8 35. Ra7+ Ke8 36. Ra5 Kf8 37. Ke3 Rb6 38. Kd3 e5 39. g4 Kg7 40. g3 Rb7 41. dxe5 fxe5 42. b6 Rxb6 43. Rxd5 Rxb2 44. Rxe5 Rb3+ 45. Ke4 Rxg3 46. Kf4 Ra3 47. Rb5 Kg6 48. Rb6+ f6 49. Rb5 Ra4+ 50. Kf3 Ra1 51. Rc5 Re1 52. Kf4 Re5 53. Rc4 Ra5 54. Rc6 Ra4+ 55. Kg3 Rb4 56. Rc5 Re4 57. Rc8 Re5 58. Rg8+ Kf7 59. Rb8 Ra5 60. Kf4 h5 61. gxh5 Rxh5 62. Kg4 Ra5 63. Kf4 Kg7 64. Rc8 Ra4+ 65. Kf5 Ra5+ 66. Kf4 Rb5 1/2-1/2

[Event "Montevideo Duchamp Cup 7th"]
[Site "Montevideo"]
[Date "2024.02.06"]
[Round "6"]
[White "De los Reyes, Mauro"]
[Black "Martello, Benjamin"]
[Result "1/2-1/2"]
[WhiteElo "1720"]
[BlackElo "1858"]
[PlyCount "21"]
[EventDate "2024.02.01"]
[EventType "swiss"]
[EventRounds "9"]
[EventCountry "URU"]
[SourceTitle "CBM 218 Extra"]
[Source "ChessBase"]
[SourceDate "2024.03.31"]
[SourceVersion "1"]
[SourceVersionDate "2024.03.31"]
[SourceQuality "1"]

1. e4 c6 2. d4 d5 3. e5 Bf5 4. h4 h5 5. c4 e6 6. Nc3 Ne7 7. Bg5 dxc4 8. Bxc4 Nd7 9. Nge2 Nb6 10. Bb3 Qd7 11. 0-0 1/2-1/2

[Event "Montevideo Duchamp Cup 7th"]
[Site "Montevideo"]
[Date "2024.02.05"]
[Round "5"]
[White "Martello, Benjamin"]
[Black "Topolansky, Juan"]
[Result "1-0"]
[WhiteElo "1858"]
[BlackElo "1718"]
[PlyCount "55"]
[EventDate "2024.02.01"]
[EventType "swiss"]
[EventRounds "9"]
[EventCountry "URU"]
[SourceTitle "CBM 218 Extra"]
[Source "ChessBase"]
[SourceDate "2024.03.31"]
[SourceVersion "1"]
[SourceVersionDate "2024.03.31"]
[SourceQuality "1"]

1. Nf3 d5 2. d4 Nf6 3. c4 e6 4. Bg5 Be7 5. Nc3 0-0 6. e3 h6 7. Bxf6 Bxf6 8. Qc2 c6 9. Rd1 Nd7 10. Bd3 b6 11. e4 dxc4 12. Bxc4 Qc7 13. 0-0 Bb7 14. Rfe1 Rac8 15. Qe2 Rfd8 16. Rc1 Nf8 17. Red1 Rd7 18. Bb3 Qd8 19. d5 Bxc3 20. dxe6 Nxe6 21. Bxe6 fxe6 22. bxc3 e5 23. h3 Rcc7 24. Nxe5 Rxd1+ 25. Rxd1 Qf6 26. f4 Qxf4 27. Rd8+ Kh7 28. Rh8+ 1-0

[Event "Montevideo Duchamp Cup 7th"]
[Site "Montevideo"]
[Date "2024.02.04"]
[Round "4"]
[White "Bauza, Alejandro"]
[Black "Martello, Benjamin"]
[Result "1-0"]
[WhiteElo "2180"]
[BlackElo "1858"]
[PlyCount "143"]
[EventDate "2024.02.01"]
[EventType "swiss"]
[EventRounds "9"]
[EventCountry "URU"]
[SourceTitle "CBM 218 Extra"]
[Source "ChessBase"]
[SourceDate "2024.03.31"]
[SourceVersion "1"]
[SourceVersionDate "2024.03.31"]
[SourceQuality "1"]

1. Nf3 c5 2. g3 Nc6 3. d4 cxd4 4. Nxd4 g6 5. Bg2 Bg7 6. Nb3 Nf6 7. 0-0 0-0 8. Nc3 d6 9. e4 Bg4 10. f3 Bd7 11. Nd5 Ne8 12. c3 f5 13. exf5 Bxf5 14. Re1 Nc7 15. f4 Kh8 16. Be3 Nxd5 17. Bxd5 Qd7 18. Nd4 Bg4 19. Bf3 Bxf3 20. Nxf3 e5 21. fxe5 Qg4 22. Nd4 Qxd1 23. Raxd1 Bxe5 24. Nxc6 bxc6 25. Bd4 Bxd4+ 26. Rxd4 d5 27. Ra4 a5 28. Re7 Rae8 29. Rxe8 Rxe8 30. Kf2 Rb8 31. b3 Rb5 32. Ke3 Kg7 33. c4 dxc4 34. Rxc4 Rh5 35. h4 Re5+ 36. Kf4 Re2 37. Ra4 Rf2+ 38. Ke5 Rf6 39. g4 h5 40. Rxa5 Rf7 41. Ke4 hxg4 42. Rg5 Ra7 43. Rxg4 Rxa2 44. h5 Rb2 45. Rxg6+ Kf7 46. Rg3 Rh2 47. Ke5 Rxh5+ 48. Kd6 c5 49. Rc3 Ke8 50. Rxc5 Rh6+ 51. Kc7 Rh7+ 52. Kc8 Rh4 53. Rc4 Rh1 54. Re4+ Kf7 55. b4 Rb1 56. Kd7 Rd1+ 57. Kc6 Rc1+ 58. Kb6 Kf6 59. b5 Kf5 60. Re2 Rb1 61. Kc6 Rc1+ 62. Kb7 Rb1 63. b6 Kf6 64. Kc7 Rc1+ 65. Kb8 Rb1 66. b7 Kf7 67. Rc2 Re1 68. Kc7 Re7+ 69. Kb6 Re6+ 70. Rc6 Re8 71. Rc8 Re6+ 72. Kc5 1-0

[Event "URU-ch sf2"]
[Site "Colonia del Sacramento"]
[Date "2023.02.20"]
[Round "7"]
[White "Martello, Benjamin"]
[Black "De Leon, Jeronimo"]
[Result "1-0"]
[WhiteElo "1685"]
[BlackElo "1459"]
[PlyCount "93"]
[EventDate "2023.02.17"]
[EventType "swiss"]
[EventRounds "7"]
[EventCountry "URU"]
[SourceTitle "CBM 213 Extra"]
[Source "ChessBase"]
[SourceDate "2023.05.31"]
[SourceVersion "1"]
[SourceVersionDate "2023.05.31"]
[SourceQuality "1"]

1. d4 Nf6 2. c4 e6 3. Nf3 c5 4. d5 b5 5. dxe6 fxe6 6. cxb5 Be7 7. g3 0-0 8. Bg2 Bb7 9. 0-0 Qb6 10. Nc3 d5 11. Ne5 d4 12. Nc4 Qc7 13. Bf4 Qc8 14. Nb1 Bxg2 15. Kxg2 Qb7+ 16. Kg1 Qxb5 17. Qc2 Nc6 18. Nba3 Qb7 19. Bg5 h6 20. Bxf6 Rxf6 21. Nd2 Nb4 22. Qe4 Rb8 23. Qxb7 Rxb7 24. Nac4 Rf5 25. Ne4 Rf8 26. Kg2 Nd5 27. Rac1 Rfb8 28. h4 Nf6 29. Ned2 Ng4 30. f3 Ne3+ 31. Nxe3 dxe3 32. Nc4 Bf6 33. b3 Bd4 34. Rfd1 Rf7 35. Rd3 Rf6 36. Nxe3 Rg6 37. Rc4 h5 38. Nc2 Be5 39. f4 Bc7 40. Rd7 Bb6 41. Ne1 Rd8 42. Nd3 Rc8 43. Kf3 Kf8 44. Ne5 Ke8 45. Rb7 Rh6 46. Rxg7 Rd8 47. Rg8+ 1-0

[Event "URU-ch U20"]
[Site "Montevideo"]
[Date "2022.04.02"]
[Round "4"]
[White "Lanzilotta, Filippo"]
[Black "Martello, Benjamin"]
[Result "1-0"]
[WhiteElo "1458"]
[BlackElo "1601"]
[PlyCount "61"]
[EventDate "2022.04.01"]
[EventType "swiss"]
[EventRounds "6"]
[EventCountry "URU"]
[SourceTitle "CBM 207 Extra"]
[Source "ChessBase"]
[SourceDate "2022.05.31"]
[SourceVersion "1"]
[SourceVersionDate "2022.05.31"]
[SourceQuality "1"]

1. e4 e6 2. d4 d5 3. exd5 exd5 4. Nc3 Nf6 5. Bd3 c6 6. Nge2 Bd6 7. Bg5 0-0 8. Qd2 Be6 9. g4 Nbd7 10. 0-0-0 b5 11. h4 Qa5 12. Bxf6 Nxf6 13. g5 Nd7 14. Rdg1 b4 15. Nb1 Qxa2 16. g6 fxg6 17. h5 Bf5 18. hxg6 Bxd3 19. gxh7+ Bxh7 20. Qh6 Rf7 21. Qxh7+ Kf8 22. Qh8+ Ke7 23. Qxa8 Rxf2 24. Re1 Kf7 25. Rhf1 Bf4+ 26. Nxf4 Rxc2+ 27. Kxc2 Qc4+ 28. Nc3 b3+ 29. Kc1 Qa6 30. Qe8+ Kf6 31. Qg6# 1-0

[Event "Montevideo Duchamp Cup 5th"]
[Site "Montevideo"]
[Date "2022.02.18"]
[Round "8"]
[White "Zaruski, Julio"]
[Black "Martello, Benjamin"]
[Result "1-0"]
[WhiteElo "1764"]
[BlackElo "1594"]
[PlyCount "95"]
[EventDate "2022.02.12"]
[EventType "swiss"]
[EventRounds "9"]
[EventCountry "URU"]
[SourceTitle "CBM 206 Extra"]
[Source "ChessBase"]
[SourceDate "2022.03.31"]
[SourceVersion "1"]
[SourceVersionDate "2022.03.31"]
[SourceQuality "1"]

1. e4 e6 2. Qe2 e5 3. g3 Nf6 4. Bg2 Bc5 5. d3 0-0 6. Be3 Bb6 7. Nf3 Re8 8. 0-0 c6 9. c4 Bc7 10. Nc3 d6 11. h3 h6 12. d4 exd4 13. Nxd4 Nbd7 14. Qc2 Nc5 15. b4 Ne6 16. Rad1 Qe7 17. Nf5 Qf8 18. f4 Rd8 19. Qf2 b6 20. g4 a5 21. b5 c5 22. e5 d5 23. exf6 d4 24. Bxa8 dxe3 25. Qxe3 Rxd1 26. Nxd1 Bxf4 27. Rxf4 Nxf4 28. Ne7+ Kh7 29. Qxf4 gxf6 30. Be4+ f5 31. Nxf5 Bxf5 32. Qxf5+ Kg7 33. Nf2 Qd6 34. Kg2 a4 35. Nd3 a3 36. Qe5+ Qxe5 37. Nxe5 h5 38. Kg3 Kf6 39. Kf4 hxg4 40. hxg4 Ke6 41. Bd5+ Ke7 42. Nxf7 Kf8 43. Kf5 Kg7 44. g5 Kg8 45. Kf6 Kf8 46. Ne5 Ke8 47. Bf7+ Kd8 48. g6 1-0